000
00295nam a2200121Ia 4500
008
220204s9999 xx 000 0 und d
082
_a
331:34(540)
_b
AGA
100
_a
AGARWAL, S L
245
0
_a
Labour relations law in India
260
_b
Macmillan
_c
1978
650
_a
Labour laws
942
_c
BK
999
_c
34992
_d
34992